000 00962 a2200181 4500
003 Nust
005 20230120111114.0
040 _cNust
082 _a808.83,BRO
100 _aBrophy , John
_9107224
245 _aSolitude Island /
_cJohn Brophy
260 _aLondon
_bCollins
_c1941
300 _a254;P
505 _aClutterpool’s (Page-7), The Neglected Customer (Page-21), Sensational Cuinea-Pigs (Page-29), Daphne Gets Off (Page-38), Solitude House (Page-59), Sir Jasper Gives Way (Page-80), Esmeralda Brown (Page-91), Semi-Professional Consultation (Page-111), A Distracted Surrender (Page-131), Dicky Samson Listens In (Page-144), Frustration in a Punt (Page-153), Surprises at the Station (Page-168), Decoy Duck (Page-181), Colloquy by Moonlight (Page-189), Both Ends of a Telephone Line (Page-205), Intervention of a Cow (Page-223), Encounter in the Dark (Page-236), Extracts (Page-251).
538 _a
650 _aNovel
_92525
942 _2ddc
_cBK
999 _c186854
_d186854